Economía extractiva: (Registro nro. 231)

Detalles MARC
000 -CABECERA
Campo de control 00719nam a2200241 a 4500
005 - FECHA Y HORA DE LA ULTIMA TRANSACCION
Campo de control 20191224041519.0
008 - ELEMENTOS DE LONGITUD FIJA—INFORMACION GENERAL
Campo de control 140219b1997 ck |||||rm||| 00| 0 spa d
040 ## - FUENTE DE CATALOGACIÓN
Agencia catalogadora original CO-BoIAVH
Agencia transcriptora CO-BoIAVH
041 ## - IDIOMA
Código de idioma para texto/pista de sonido o título separado Español
044 ## - PAÍS DE PUBLICACIÓN
País de publicación Colombia
090 ## - CLASIFICACIÓN LOCAL
Colección TE
Consecutivo 0078
100 1# - ASIENTO PRINCIPAL--NOMBRE PERSONAL
Nombre personal Ramos Borrero, Aurelio
9 (RLIN) 2230
245 10 - MENCION DE TITULO
Título Economía extractiva:
Parte restante del título el caso maderero en el Bajo Atrato
260 ## - PUBLICACION, DISTRIBUCION, ETC. (PIE DE IMPRENTA)
Lugar de publicación, distribución, etc. Bogotá
Nombre del editor, distribuidor, etc. Universidadde los Andes. Facultad de Economía
Fecha de publicación, distribución, etc. 1997
300 ## - DESCRIPCION FISICA
Extensión 91 p.
650 ## - ASIENTO SECUNDARIO DE MATERIA - TERMINO TEMATICO
Término temático o nombre geográfico como elemento de entrada Economía ambiental
9 (RLIN) 74963
650 ## - ASIENTO SECUNDARIO DE MATERIA - TERMINO TEMATICO
Término temático o nombre geográfico como elemento de entrada Bosque húmedo tropical
9 (RLIN) 3501
650 ## - ASIENTO SECUNDARIO DE MATERIA - TERMINO TEMATICO
Término temático o nombre geográfico como elemento de entrada Cativo
9 (RLIN) 7021
650 ## - ASIENTO SECUNDARIO DE MATERIA - TERMINO TEMATICO
Término temático o nombre geográfico como elemento de entrada Aprovechamiento forestal
9 (RLIN) 74965
650 ## - ASIENTO SECUNDARIO DE MATERIA - TERMINO TEMATICO
Término temático o nombre geográfico como elemento de entrada Uso de biodiversidad
9 (RLIN) 343
662 ## - ASIENTO SECUNDARIO DE MATERIA - JERARQUIA DEL NOMBRE DE LUGAR(
País o entidad mayor Colombia
Jurisdicción política de primer orden Chocó
942 ## - ELEMENTOS ADICIONALES (KOHA)
Tipo de ítem Tesis
Sistema de clasificación Local
Existencias
Withdrawn status Lost status Sistema de Clasificación Damaged status No para préstamo Colección Inventariado Ubicación Permanente Ubicación actual Fecha de adquisición Fuente de Valor Total Checkouts Número topográfico Inventario / Código de Barras Date last seen Ejemplar Price effective from Forma de adquisición Tipo de material
    Local     Tesis Inventariado 2017 Bogotá Bogotá 26/12/1997 Ranjel Orlando   TE-0078 000298 04/12/2012 Ej. 1 04/12/2012 Donación Tesis